| 000 | 00821nam a22002297a 4500 | ||
|---|---|---|---|
| 999 |
_c22432 _d22432 |
||
| 003 | OSt | ||
| 005 | 20220704085826.0 | ||
| 008 | 180228s2017 pe 000 0 spa | ||
| 020 | _a9786124759789 | ||
| 040 | _cBiblioteca Municipal de Cusco | ||
| 082 |
_a398.0985/M10 _bM10 |
||
| 100 |
_aMinauro Cruz, Víctor Luis _948152 |
||
| 245 |
_aLos apus de Espinar : _bmitología andina / _cVíctor Luis Minauro Cruz |
||
| 250 | _aPrimera edición. | ||
| 260 |
_aLima : _bREGESA, _c2019. |
||
| 300 |
_a187 páginas. : _bilustraciones en color. ; _c21 x 24 cm. |
||
| 504 | _aBibliografía: p. 187. | ||
| 650 |
_aMitología indígena _zPerú _948153 |
||
| 650 |
_aCosmología indígena _yÉpoca Prehispánica _zPerú _948154 |
||
| 651 |
_aEspinar, Cus. (Perú : Provincia) _xVida y costumbres sociales _948155 |
||
| 942 |
_2ddc _cLIBROS |
||